Nothing like uuu - Nettspend lyrics - Statistics

General Stats
  • This quiz has been taken 267 times
  • The average score is 148 of 231
Answer Stats
Answer % Correct
i
96%
I
96%
yo
92%
the
91%
you
90%
be
89%
night
87%
all
85%
geeked
85%
get
82%
been
81%
to
81%
in
80%
it
80%
up
79%
I'm
78%
im
78%
i'm
78%
my
78%
if
77%
love
77%
sprite
77%
tryna
76%
for
75%
life
75%
pour
75%
think
75%
hand
74%
hold
74%
fuck
72%
know
69%
twin
69%
she
68%
what
68%
with
68%
its
67%
rich
67%
call
65%
can't
65%
cant
65%
everybody
65%
is
65%
like
65%
they
65%
throw
65%
wait
64%
nothin
63%
ok
63%
we
63%
fat
62%
believe
61%
glowin
61%
lean
61%
hardest
60%
how
59%
drank
58%
gave
58%
God
57%
swear
57%
slut
56%
gon
55%
truck
54%
wanted
54%
as
53%
fuckin
53%
okay
50%
why
49%
yeah
49%
huh
48%
butt
47%
now
47%
hoes
46%
nobu
46%
lust
45%
aint
44%
her
44%
shit
44%
fell
43%
hundred
43%
thousand
43%
cum
42%
late
42%
throwed
42%
glue
41%
stuck
41%
too
40%
made
39%
uh
39%
this
38%
beans
37%
luggage
37%
meant
37%
lit
36%
richmond
35%
out
32%
flights
30%
spend
27%
and
26%
show
26%
ibiza
23%
fatt
20%
I'll
20%
bring
17%
said
14%
bought
13%
say
13%
No matching quizzes found
Score Distribution
Percent of People with Each Score
Percentile by Number Answered
Your Score History
You have not taken this quiz